000
00319nam a22001457a 4500
008
221024b ||||| |||| 00| 0 eng d
020
_a
9780785800354
041
_a
eng
080
_a
7
082
_a
7HAR
100
_a
21.1
101
_a
ART
245
_a
THE COMPLETE WATERCOLOR ARTIST
_c
HARPER S
942
_2
udc
_c
BK
999
_c
58651
_d
58651